000
00367nam a22001337a 4500
003
SGT
020
_a
9788126715466
082
_a
891.4309
_b
G08C
100
_a
चौरसिया, विजय
245
_a
गोंडवाना की लोककथाएं
260
_b
राजकमल प्रकाशन
_c
2008
300
_a
331
942
_2
ddc
_c
BK
999
_c
30557
_d
30557